000 00699cam a22002293a 4500
001 37723
003 PGUSA
005 20140828083828.0
008 111011s2011||||xxu|||||s|||||000 1 eng d
040 _aPGUSA
_beng
042 _adc
050 4 _aPT
100 1 _aSamarow, Gregor,
_d1829-1903
245 1 0 _aFor Sceptre and Crown, Vol. I (of II) :
_bA Romance of the Present Time
_h[electronic resource] /
_cGregor Samarow
260 _bProject Gutenberg,
_c2011
506 _aPublic domain in the USA.
516 _aElectronic text
653 _aFranco-Prussian War, 1870-1871 -- Fiction
830 0 _aProject Gutenberg
_v37723
856 4 0 _uhttp://www.gutenberg.org/ebooks/37723
942 _cEB
999 _c266977
_d266977